[Event "Titled Tuesday intern op 30th May Early"]
[Site "Chess.com INT"]
[Date "2023.05.30"]
[Round "4"]
[White "Vila Dupla, Aurelio"]
[Black "Sowul, Bartosz"]
[Result "0-1"]
[WhiteElo "2030"]
[BlackElo "2269"]
[PlyCount "90"]
[EventDate "2023.05.30"]
[EventType "swiss (blitz)"]
[EventRounds "11"]
[EventCountry "USA"]
[SourceTitle "CBM 214 Extra"]
[Source "ChessBase"]
[SourceDate "2023.07.31"]
[SourceVersion "1"]
[SourceVersionDate "2023.07.31"]
[SourceQuality "1"]

1. Nf3 Nf6 2. d4 c5 3. c4 e6 4. Nc3 cxd4 5. Nxd4 Nc6 6. a3 Bc5 7. Nb3 Bb6 8. g3 0-0 9. Bg2 a5 10. a4 Ne5 11. c5 Bc7 12. 0-0 d6 13. Nb5 dxc5 14. Qxd8 Bxd8 15. Nxc5 Nd5 16. Nd6 b6 17. Nxc8 Rxc8 18. Nb3 Nb4 19. Nd4 Nc2 20. Nxc2 Rxc2 21. Be3 Nc4 22. Bd4 Rxe2 23. Rfc1 Nd6 24. Rc6 Nf5 25. Bc3 h5 26. Bf3 Rc2 27. Bd1 Nd4 28. Rc8 Nb3 29. Rb1 Rc1 30. Rxc1 Nxc1 31. Bd4 Nd3 32. b3 Nb4 33. Be2 f6 34. Bc4 Nd5 35. Bxd5 exd5 36. Rb8 Bc7 37. Rb7 Be5 38. Bxb6 Rc8 39. Bxa5 d4 40. Kg2 d3 41. Rd7 Rc2 42. Rd5 d2 43. Rxd2 Rb2 44. Rxb2 Bxb2 45. b4 Bc3 0-1

[Event "Titled Tuesday intern op 16th May Early"]
[Site "Chess.com INT"]
[Date "2023.05.16"]
[Round "6"]
[White "Chakravarthi, Reddy M"]
[Black "Sowul, Bartosz"]
[Result "0-1"]
[WhiteElo "2279"]
[BlackElo "2269"]
[PlyCount "62"]
[EventDate "2023.05.16"]
[EventType "swiss (blitz)"]
[EventRounds "11"]
[EventCountry "USA"]
[SourceTitle "CBM 214 Extra"]
[Source "ChessBase"]
[SourceDate "2023.07.31"]
[SourceVersion "1"]
[SourceVersionDate "2023.07.31"]
[SourceQuality "1"]

1. e4 c5 2. Nf3 d6 3. d4 cxd4 4. Nxd4 Nf6 5. Nc3 Nc6 6. Bc4 e6 7. Nxc6 bxc6 8. Be3 Be7 9. Qe2 0-0 10. g4 d5 11. 0-0-0 Qa5 12. g5 dxc4 13. gxf6 Bxf6 14. Bd4 e5 15. Be3 Be6 16. Bd2 Qb6 17. Kb1 Rfb8 18. Bc1 Bg5 19. Na4 Qb4 20. c3 Qe7 21. Bxg5 Qxg5 22. Nc5 Bg4 23. f3 Qe7 24. Na6 Rb6 25. fxg4 Rxa6 26. Qxc4 Rb6 27. Rd2 Rab8 28. Rhd1 g6 29. Rd7 Rxb2+ 30. Ka1 Qxd7 31. Rxd7 Rb1# 0-1

[Event "Titled Tuesday intern op 16th May Early"]
[Site "Chess.com INT"]
[Date "2023.05.16"]
[Round "7"]
[White "Gheorghiu, Calin"]
[Black "Sowul, Bartosz"]
[Result "1-0"]
[WhiteElo "2313"]
[BlackElo "2269"]
[PlyCount "147"]
[EventDate "2023.05.16"]
[EventType "swiss (blitz)"]
[EventRounds "11"]
[EventCountry "USA"]
[SourceTitle "CBM 214 Extra"]
[Source "ChessBase"]
[SourceDate "2023.07.31"]
[SourceVersion "1"]
[SourceVersionDate "2023.07.31"]
[SourceQuality "1"]

1. e4 c5 2. Nf3 d6 3. d4 cxd4 4. Nxd4 Nf6 5. Nc3 Nc6 6. Bg5 g6 7. Bxf6 exf6 8. Be2 Bg7 9. 0-0 0-0 10. Nxc6 bxc6 11. Bg4 f5 12. exf5 gxf5 13. Bf3 d5 14. Qd2 Rb8 15. Rab1 Ba6 16. Rfe1 Qb6 17. Na4 Qd4 18. Qxd4 Bxd4 19. c3 Bf6 20. Nc5 Bc8 21. a4 a5 22. g3 f4 23. g4 h5 24. h3 Kg7 25. Kg2 hxg4 26. hxg4 Rg8 27. Nd3 Kf8 28. Nxf4 Bg5 29. Nd3 f5 30. Ne5 fxg4 31. Be2 Rb6 32. Bd3 c5 33. Re2 c4 34. Bc2 Bf4 35. Ng6+ Rgxg6 36. Bxg6 Rxg6 37. Rbe1 Bd7 38. Re7 Bxa4 39. Ra7 g3 40. Ree7 gxf2+ 41. Kxf2 Rf6 42. Ke2 Bd6 43. Rh7 Re6+ 44. Kf3 Bd1+ 45. Kg2 Re2+ 46. Kf1 Kg8 47. Rhd7 Bf8 48. Rxd5 Rxb2 49. Rxd1 Ra2 50. Rd8 Ra1+ 51. Ke2 Ra2+ 52. Ke3 Ra1 53. Raa8 Rf1 54. Rxa5 Rf7 55. Rg5+ Rg7 56. Rxg7+ Kxg7 57. Rxf8 Kxf8 58. Kd4 Ke7 59. Kxc4 Kd7 60. Kb5 Kd6 61. c4 Kd7 62. Kb6 Kc8 63. Kc6 Kd8 64. Kb7 Kd7 65. c5 Ke6 66. c6 Kd5 67. c7 Kc4 68. c8Q+ Kb3 69. Qc6 Kb2 70. Kb6 Ka2 71. Qe4 Kb2 72. Kc5 Kc3 73. Qe3+ Kb2 74. Kc4 1-0

[Event "Titled Tuesday intern op 09th May Early"]
[Site "Chess.com INT"]
[Date "2023.05.09"]
[Round "1"]
[White "Costachi, Mihnea"]
[Black "Sowul, Bartosz"]
[Result "0-1"]
[WhiteElo "2476"]
[BlackElo "2269"]
[PlyCount "92"]
[EventDate "2023.05.09"]
[EventType "swiss (blitz)"]
[EventRounds "11"]
[EventCountry "USA"]
[SourceTitle "CBM 214 Extra"]
[Source "ChessBase"]
[SourceDate "2023.07.31"]
[SourceVersion "1"]
[SourceVersionDate "2023.07.31"]
[SourceQuality "1"]

1. Nc3 Nf6 2. e4 d6 3. d4 e5 4. Nf3 exd4 5. Nxd4 Be7 6. Be2 0-0 7. 0-0 Re8 8. Re1 Bf8 9. Bc4 c6 10. h3 d5 11. exd5 Rxe1+ 12. Qxe1 Nxd5 13. Nxd5 cxd5 14. Bd3 Nc6 15. Be3 Qf6 16. Bd2 Qxd4 17. Bc3 Qh4 18. Qe8 Qe7 19. Re1 Qxe8 20. Rxe8 Rb8 21. Bxh7+ Kxh7 22. Rxf8 Be6 23. Rxb8 Nxb8 24. h4 Nc6 25. g3 d4 26. Bd2 Bxa2 27. b3 Bb1 28. c3 d3 29. Kg2 a5 30. Kf3 Bc2 31. Ke3 b5 32. c4 b4 33. c5 Bxb3 34. Kxd3 a4 35. Bc1 a3 36. g4 Ne5+ 37. Ke4 Nxg4 38. c6 Be6 39. c7 Nxf2+ 40. Kf3 Nd1 41. c8Q Bxc8 42. Ke2 a2 43. Bb2 Nxb2 44. Kf3 a1Q 45. Kf4 Qf1+ 46. Kg5 Qf5# 0-1

[Event "Titled Tuesday intern op 09th May Early"]
[Site "Chess.com INT"]
[Date "2023.05.09"]
[Round "5"]
[White "Sowul, Bartosz"]
[Black "Cherniaiev, Tykhon"]
[Result "0-1"]
[WhiteElo "2269"]
[BlackElo "2330"]
[PlyCount "122"]
[EventDate "2023.05.09"]
[EventType "swiss (blitz)"]
[EventRounds "11"]
[EventCountry "USA"]
[SourceTitle "CBM 214 Extra"]
[Source "ChessBase"]
[SourceDate "2023.07.31"]
[SourceVersion "1"]
[SourceVersionDate "2023.07.31"]
[SourceQuality "1"]

1. e4 e5 2. Nf3 Nc6 3. Bb5 Nge7 4. d4 exd4 5. Nxd4 Nxd4 6. Qxd4 c6 7. Bc4 Qb6 8. Qd1 Qb4+ 9. Nd2 d5 10. exd5 cxd5 11. c3 Qb6 12. Bb3 g6 13. 0-0 Bg7 14. Re1 Be6 15. Nf3 0-0 16. Be3 Qd6 17. Bd4 Nc6 18. Bxg7 Kxg7 19. Nd4 a6 20. Qd2 Rae8 21. h3 Bd7 22. Rad1 Rxe1+ 23. Rxe1 Re8 24. Rxe8 Bxe8 25. Nf3 Ne7 26. Qd4+ Qf6 27. Ne5 Nc6 28. Nxc6 Bxc6 29. Qe3 Qf5 30. Qd4+ Kg8 31. Qd2 h5 32. Bc2 Qe5 33. Qd4 Qe1+ 34. Kh2 Qc1 35. Bb3 Qxb2 36. Bxd5 Bxd5 37. Qxd5 Qxf2 38. Qxb7 Qxa2 39. Qc8+ Kg7 40. Qc5 Qe6 41. c4 Kf6 42. Qd4+ Qe5+ 43. Qxe5+ Kxe5 44. Kg3 Kd4 45. Kf4 a5 46. c5 Kxc5 47. Ke3 a4 48. Kd3 Kd5 49. Kc3 Ke4 50. Kb4 Kf4 51. Kxa4 Kg3 52. Kb5 Kxg2 53. Kc5 Kxh3 54. Kd5 Kg4 55. Ke5 h4 56. Ke4 h3 57. Ke3 h2 58. Kf2 h1Q 59. Ke2 Qf3+ 60. Kd2 Kf4 61. Kc2 g5 0-1

[Event "Titled Tuesday intern op 18th Apr Early"]
[Site "Chess.com INT"]
[Date "2023.04.18"]
[Round "7"]
[White "Novikova, Galina"]
[Black "Sowul, Bartosz"]
[Result "1-0"]
[WhiteElo "2073"]
[BlackElo "2269"]
[PlyCount "147"]
[EventDate "2023.04.18"]
[EventType "swiss (blitz)"]
[EventRounds "11"]
[EventCountry "USA"]
[SourceTitle "EXT 2024"]
[Source "ChessBase"]
[SourceDate "2023.10.10"]
[SourceVersion "1"]
[SourceVersionDate "2023.10.10"]
[SourceQuality "1"]

1. e4 c5 2. Nf3 d6 3. d4 cxd4 4. Nxd4 Nf6 5. Nc3 Nc6 6. h3 e5 7. Nde2 Be6 8. g4 d5 9. Bg2 d4 10. Nb1 h5 11. g5 Nd7 12. h4 g6 13. 0-0 Qb6 14. Nd2 Be7 15. a4 a6 16. b3 0-0-0 17. Nc4 Bxc4 18. bxc4 Bb4 19. Ba3 a5 20. Nc1 Qc5 21. Bxb4 Nxb4 22. Nd3 Nxd3 23. cxd3 Nb8 24. Rb1 Nc6 25. Rb5 Qa3 26. Qb1 Qxa4 27. Rxb7 Nb4 28. Rb5 Rhe8 29. f4 Re7 30. fxe5 Kd7 31. e6+ fxe6 32. Rf6 Qc2 33. Rxb4 Qd2 34. Rb7+ Ke8 35. Qb5+ Red7 36. Rxd7 Qe1+ 37. Rf1 Qe3+ 38. Kh1 Rxd7 39. Qb8+ Ke7 40. Qf4 Qxf4 41. Rxf4 a4 42. Rf1 Rb7 43. Ra1 Rb3 44. Rxa4 Rxd3 45. c5 Rc3 46. Rxd4 Rxc5 47. Kh2 Rc3 48. Ra4 Re3 49. Ra7+ Kd6 50. Rg7 Ke5 51. Rxg6 Kf4 52. Rxe6 Kg4 53. g6 Kxh4 54. g7 Rg3 55. Re7 Rxg7 56. Re5 Rg6 57. Re8 Rg8 58. Re5 Rg7 59. Ra5 Kg4 60. e5 Kf5 61. Bh3+ Kg5 62. e6+ Kf6 63. Rxh5 Ke7 64. Rd5 Rg6 65. Rd7+ Ke8 66. Ra7 Rf6 67. Kg3 Rf1 68. Bxf1 Kd8 69. Kf4 Ke8 70. Ke5 Kf8 71. Kf6 Kg8 72. Ra8+ Kh7 73. e7 Kh6 74. Rh8# 1-0

[Event "Titled Tuesday intern op 11th Apr Early"]
[Site "Chess.com INT"]
[Date "2023.04.11"]
[Round "9"]
[White "Mirzoev, Azer"]
[Black "Sowul, Bartosz"]
[Result "1-0"]
[WhiteElo "2437"]
[BlackElo "2269"]
[PlyCount "73"]
[EventDate "2023.04.11"]
[EventType "swiss (blitz)"]
[EventRounds "11"]
[EventCountry "USA"]
[SourceTitle "CBM 213 Extra"]
[Source "ChessBase"]
[SourceDate "2023.05.31"]
[SourceVersion "1"]
[SourceVersionDate "2023.05.31"]
[SourceQuality "1"]

1. c4 Nf6 2. Nc3 d5 3. cxd5 Nxd5 4. Nf3 g6 5. h4 Bg7 6. h5 Nc6 7. Qa4 Nb6 8. Qh4 Bf5 9. hxg6 fxg6 10. d3 Qd7 11. Bd2 0-0-0 12. 0-0-0 Kb8 13. g3 e5 14. Bh3 Nd4 15. Bxf5 gxf5 16. Qh5 Na4 17. Kb1 Nxc3+ 18. Bxc3 Nxe2 19. Bxe5 Bxe5 20. Nxe5 Nc3+ 21. Ka1 Qd5 22. bxc3 Qxe5 23. d4 Qa5 24. Rd3 Rhe8 25. Rb1 Re6 26. Qf3 b6 27. Re3 Rde8 28. Rbe1 Re4 29. Rxe4 fxe4 30. Qe3 Qa3 31. Rb1 Rd8 32. Rb3 Qe7 33. Rb5 Qd7 34. Re5 Qa4 35. Rxe4 Qd1+ 36. Kb2 Rd5 37. Re5 1-0

[Event "Titled Tuesday intern op 11th Apr Early"]
[Site "Chess.com INT"]
[Date "2023.04.11"]
[Round "3"]
[White "Sowul, Bartosz"]
[Black "Zampronha, Wladimir Camilo"]
[Result "1-0"]
[WhiteElo "2269"]
[BlackElo "2176"]
[PlyCount "65"]
[EventDate "2023.04.11"]
[EventType "swiss (blitz)"]
[EventRounds "11"]
[EventCountry "USA"]
[SourceTitle "CBM 213 Extra"]
[Source "ChessBase"]
[SourceDate "2023.05.31"]
[SourceVersion "1"]
[SourceVersionDate "2023.05.31"]
[SourceQuality "1"]

1. e4 c5 2. Nc3 e6 3. Nf3 Nc6 4. Bb5 Nd4 5. 0-0 a6 6. Bd3 b5 7. a3 Bb7 8. Nxd4 cxd4 9. Ne2 Qb6 10. c3 dxc3 11. dxc3 Nf6 12. Be3 Qc7 13. Ng3 Bc5 14. Bd4 d5 15. exd5 Bxd5 16. Bxc5 Qxc5 17. Nh5 Qe7 18. Nxg7+ Kf8 19. Nh5 Nxh5 20. Qxh5 Rg8 21. g3 Qf6 22. Rfe1 h6 23. Be4 Rd8 24. Rad1 Bxe4 25. Rxd8+ Qxd8 26. Qxh6+ Rg7 27. Qh8+ Rg8 28. Qh6+ Rg7 29. Rxe4 Qd1+ 30. Kg2 Qd5 31. f3 Qd1 32. Qh8+ Ke7 33. Qxg7 1-0